000 02419nam a22002657a 4500
999 _c409383
_d409383
001 136457
003 UA-OsUOA
005 20230504161345.0
007 ta
008 20190325b un ||||| |||| 00| 0 ukr d
020 _a978-966-2609-66-0
040 _aUA-OsUOA
_bukr
_cUA-OsUOA
_dUA-OsUOA
041 _aukr
080 _a340
090 _a340
_bД63
245 _aДоктринальні засади розвитку держави та права: національні та міжнародні тенденції
_bмонографія
_cзаг. ред. Ю. Л. Бошицького
260 _aК.
_bЛіра-К
_c2014
300 _a440 с.
505 _aЗміст 1. Теоретико-правові основи державно-правової доктрини. 2. Доктринальні підходи щодо розвитку окремих інституцій публічного права. 3. Еволюція прав людини в сучасній приватноправовій доктрині. 4. Доктринальні засади правового регулювання сфери господарювання. 5. Кримінальне та кримінально-процесуальне законодавство: доктринальні засади розвитку. 6. Вплив міжнародного права на правову систему України.
520 3 _aКолективна монографія науковців КУП НАНУ містить наукові дослідження та судження щодо доктринальних підходів на окремі державно-правові явища, тенденції розвитку окремих інституцій публічного права, еволюцію прав людини в приватноправовій доктрині, доктринальні засади правового регулювання сфери господарювання, а також вплив міжнародного права на право розуміння та правозастосування.
650 7 _a340 Право в цілому. Пропедевтика. Методи та допоміжні правничі науки
_2UDC
942 _cBK
_2udc
955 _a1